MyGZULibrary

A travesty of democracy / (Record no. 2718)

MARC details
000 -LEADER
fixed length control field 01066cam a2200325 a 4500
001 - CONTROL NUMBER
control field 16829671
003 - CONTROL NUMBER IDENTIFIER
control field GZU
005 - DATE AND TIME OF LATEST TRANSACTION
control field 20201105102847.0
008 - FIXED-LENGTH DATA ELEMENTS--GENERAL INFORMATION
fixed length control field 110616s2010 rh a 000 0 eng
010 ## - LIBRARY OF CONGRESS CONTROL NUMBER
LC control number 2011349348
020 ## - INTERNATIONAL STANDARD BOOK NUMBER
International Standard Book Number 9780797444355 (pbk.)
020 ## - INTERNATIONAL STANDARD BOOK NUMBER
International Standard Book Number 0797444351 (pbk.)
040 ## - CATALOGING SOURCE
Original cataloging agency DLC
Transcribing agency DLC
042 ## - AUTHENTICATION CODE
Authentication code pcc
-- lcode
043 ## - GEOGRAPHIC AREA CODE
Geographic area code f-rh----
050 00 - LIBRARY OF CONGRESS CALL NUMBER
Classification number DT2999
Item number M89 2010
082 04 - DEWEY DECIMAL CLASSIFICATION NUMBER
Classification number 324.26891
Edition number 23
100 1# - MAIN ENTRY--PERSONAL NAME
Personal name Muzhuzha, David,
Dates associated with a name 1967-
245 12 - TITLE STATEMENT
Title A travesty of democracy /
Statement of responsibility, etc. David Muzhuzha.
260 ## - PUBLICATION, DISTRIBUTION, ETC.
Place of publication, distribution, etc. Mvurwi, Zimbabwe :
Name of publisher, distributor, etc. Jovid Press,
Date of publication, distribution, etc. c2010.
300 ## - PHYSICAL DESCRIPTION
Extent ix, 109 p. :
Other physical details col. ill. ;
Dimensions 21 cm.
600 10 - SUBJECT ADDED ENTRY--PERSONAL NAME
Personal name Tsvangirai, Morgan,
Dates associated with a name 1952-
610 20 - SUBJECT ADDED ENTRY--CORPORATE NAME
Corporate name or jurisdiction name as entry element Movement for Democratic Change (Zimbabwe)
650 #0 - SUBJECT ADDED ENTRY--TOPICAL TERM
Topical term or geographic name entry element Political parties
Geographic subdivision Zimbabwe.
651 #0 - SUBJECT ADDED ENTRY--GEOGRAPHIC NAME
Geographic name Zimbabwe
General subdivision Politics and government
Chronological subdivision 21st century.
906 ## - LOCAL DATA ELEMENT F, LDF (RLIN)
a 7
b cbc
c origcop
d 3
e ncip
f 20
g y-gencatlg
942 ## - ADDED ENTRY ELEMENTS (KOHA)
Source of classification or shelving scheme Library of Congress Classification
Koha item type Books
Classification part 2999
Item part MUZ
Call number prefix DT
Call number suffix 2010
Holdings
Withdrawn status Lost status Damaged status Not for loan Collection code Home library Current library Shelving location Date acquired Total Checkouts Full call number Barcode Date last seen Copy number Price effective from Koha item type
        Non-fiction City Campus Library City Campus Library General Stacks 11/05/2020   DT2999 MUZ 2010 014109 11/05/2020 c.1 11/05/2020 Books
        Non-fiction Mashava Campus Library Mashava Campus Library General Stacks 05/13/2021   DT2999 MUZ 2010 014378 05/13/2021 c2 05/13/2021 Books
        Non-fiction Mashava Campus Library Mashava Campus Library General Stacks 05/17/2021   DT2999 MUZ 2010 014379 05/17/2021 c3 05/17/2021 Books